Ingeniería Mecánica Estática

Bewaard in:
Bibliografische gegevens
Hoofdauteurs: Sandor, Bela I (Auteur), Richter, Karen J (Auteur)
Formaat: Boek
Taal:Spaans
Gepubliceerd in: Ciudad de México Prentice-Hall Hispanoamericana S. A 1989
Editie:2a. ed
Onderwerpen:
Tags: Voeg label toe
Geen labels, Wees de eerste die dit record labelt!

MARC

LEADER 00000cam a2200000 a 4500
001 UCC6276
003 CL-VaPUC
008 181130e19890000mx |||||||||||||||||spa|d
020 |a 9688801690 
082 0 4 |a 620.1  |b SAN  |2 21 
100 0 |a Sandor, Bela I  |e author  |9 600721 
700 0 |a Richter, Karen J  |e author  |9 600722 
245 1 0 |a Ingeniería Mecánica Estática 
250 |a 2a. ed 
300 |a 455 p 
942 |c BK 
945 |d 20181130 13:53:00  |a dcastane 
260 |a Ciudad de México  |b Prentice-Hall Hispanoamericana S. A  |c 1989 
650 0 |a Mecánica aplicada  |9 260187 
650 7 |a MECANICA ESTATICA  |2 CL-VaPUC  |9 357509 
650 7 |a FUERZAS  |2 CL-VaPUC  |9 360776 
650 7 |a ESFUERZO  |2 CL-VaPUC  |9 366504 
650 7 |a FRICCIONES  |2 CL-VaPUC  |9 368221 
583 |a last modification  |c 20181130 13:53:00  |k Rodrigo Vera 
999 |c 373260  |d 373258